000 00311pab a2200133 454500
008 180718b1988 xxu||||| |||| 00| 0 eng d
100 _aSilverman, Hugh W.
245 _aPolice notes
260 _c1988
300 _a1-3
650 _aPolice
773 _aRoyal Canadian Mounted Police Gazette
909 _a15112
999 _c15112
_d15112